| 000 | 00668nam a2200217 a 4500 | ||
|---|---|---|---|
| 999 |
_c1273 _d1273 |
||
| 001 | 015054343 | ||
| 003 | UkOxU | ||
| 005 | 20221227162605.0 | ||
| 008 | 000117r20012000enk j 000 1 eng d | ||
| 020 | _a9780141304779 | ||
| 040 |
_aOX/U-1 _cOXF _dKH8 |
||
| 082 | _aFIC KIN | ||
| 100 | 1 |
_aKing-Smith, Dick. _eAUTHOR |
|
| 245 | 1 | 4 |
_aTHE MAGIC CARPET SLIPPERS / _cDick King-Smith : illustrated by Ann Kronheimer. |
| 260 |
_aLondon : _bPuffin, _c2001. |
||
| 300 |
_a91 p. : _bill. ; _c20 cm. |
||
| 500 | _aFirst published: London : Viking, 2000. | ||
| 700 | 1 |
_aKronheimer, Ann. _eILLUSTRATOR |
|
| 942 |
_2ddc _cFIC |
||